书目信息 |
| 题名: |
日本语能力测试语法解析
|
|
| 作者: | 钱爱琴 , 方萍 编著 | |
| 分册: | 2级 | |
| 出版信息: | 天津 天津大学出版社 2007.09 |
|
| 页数: | 269页 | |
| 开本: | 21cm | |
| 丛书名: | 华章图书日语系列 | |
| 单 册: | ||
| 中图分类: | H364 | |
| 科图分类: | ||
| 主题词: | 日语--ri yu--语法--水平考试--自学参考资料 | |
| 电子资源: | ||
| ISBN: | 978-7-5618-2535-8 | |
| 000 | 00986nam 2200265 450 | |
| 001 | 012008792932 | |
| 005 | 20080222094259.09 | |
| 010 | @a978-7-5618-2535-8@dCNY13.90 | |
| 100 | @a20080220d2007 em y0chiy0120 ea | |
| 101 | 0 | @achi@ajpn |
| 102 | @aCN@b120000 | |
| 105 | @ay z 000yy | |
| 106 | @ar | |
| 200 | 1 | @a日本语能力测试语法解析@Ari ben yu neng li ce shi yu fa jie xi@i2级@f钱爱琴, 方萍编著@Fqian ai qin,fang ping bian zhu |
| 210 | @a天津@c天津大学出版社@d2007.09 | |
| 215 | @a269页@d21cm | |
| 225 | 2 | @a华章图书日语系列@Ahua zhang tu shu ri yu xi lie |
| 330 | @a本书按照语法功能对2级语法进行了单元分类, 对每一项语法点从接续、用法意义、例句及真题 (1991-2006年) 解析等几个方面对语法进行了详尽的解释和说明。 | |
| 410 | 0 | @12001 @a华章图书日语系列 |
| 606 | 0 | @a日语@Ari yu@x语法@x水平考试@j自学参考资料 |
| 690 | @aH364@v4 | |
| 701 | 0 | @a钱爱琴@Aqian ai qin@4编著 |
| 701 | 0 | @a方萍@Afang ping@4编著 |
| 801 | 0 | @aCN@bQSSK@c20080222 |
| 905 | @b281722-24@dH364@eQ185@f3 | |
| 日本语能力测试语法解析.2级/钱爱琴, 方萍编著.-天津:天津大学出版社,2007.09 |
| 269页;21cm.-(华章图书日语系列) |
| ISBN 978-7-5618-2535-8:CNY13.90 |
| 本书按照语法功能对2级语法进行了单元分类, 对每一项语法点从接续、用法意义、例句及真题 (1991-2006年) 解析等几个方面对语法进行了详尽的解释和说明。 |
| ● |
| 相关链接 |
|
|
|
正题名:日本语能力测试语法解析
索取号:H364/Q185
 
预约/预借
| 序号 | 登录号 | 条形码 | 馆藏地/架位号 | 状态 | 备注 |
| 1 | 281722 | 202817229 | 语言库209/209语言库 128排2列5层/ [索取号:H364/Q185] | 在馆 | |
| 2 | 281723 | 202817238 | 语言库209/209语言库 128排2列5层/ [索取号:H364/Q185] | 在馆 | |
| 3 | 281724 | 202817247 | 语言库209/209语言库 128排2列5层/ [索取号:H364/Q185] | 在馆 |